Louis Armstrong.

Bibliographic Details
Main Author: Armstrong, Louis, 1901-1971
Format: CD Audio
Language:English
Published: Chicago, Ill. : Time-Life Music, 1993
Series:Big bands.
Subjects:

MARC

Tag First Indicator Second Indicator Subfields
LEADER 00000cjm a2200000Ia 4500
001 in00001560413
005 20151022071512.0
007 sd fungnn-----
008 931108p19931985ilujzn ai eng d
028 0 2 |a TCD-0015  |b Time-Life Music 
028 0 2 |a R960-15  |b Time-Life Music 
028 0 2 |a TCD-0015/R960-15  |b Time-Life Music 
035 |a (OCoLC)ocm29265843 
040 |a KCK  |c KCK  |d OCL  |d TXA  |d UtOrBLW 
049 |a TXAM 
090 |a M1356.A75  |b L85 1993 
100 1 |a Armstrong, Louis,  |d 1901-1971. 
245 1 0 |a Louis Armstrong. 
264 1 |a Chicago, Ill. :  |b Time-Life Music,  |c 1993 
264 4 |c ℗1985 
300 |a 1 sound disc :  |b digital ;  |c 4 3/4 in. 
336 |a performed music  |b prm  |2 rdacontent 
337 |a audio  |b s  |2 rdamedia 
338 |a audio disc  |b sd  |2 rdacarrier 
490 1 |a Big bands 
511 0 |a Louis Armstrong, trumpet and vocals, and his band. 
518 |a Recorded 1935-1944. 
500 |a Biographical and program notes by Stanley Dance on container insert. 
505 0 |a The music goes 'round and 'round -- I'm in the mood for love -- You are my lucky star -- Something tells me -- Ol' man Mose -- Struttin' with some barbecue -- Sunshowers -- Jeepers creepers -- So little time -- True confession -- When the saints go marching in -- On the sentimental side -- Love walked in -- Confessin' -- I've got a pocketful of dreams -- Wolverine blues -- Solitude -- (I'll be glad when you're dead) you rascal you -- Coquette -- Whatcha say -- On the sunny side of the street. 
500 |a Sound recording. 
650 0 |a Big band music. 
650 0 |a Popular music  |y 1931-1940. 
650 0 |a Jazz  |y 1931-1940. 
650 0 |a Popular music  |y 1941-1950. 
650 0 |a Jazz  |y 1941-1950. 
830 0 |a Big bands. 
994 |a E0  |b TXA 
948 |a cataloged  |b h  |c 2000/9/14  |d c  |e fpiscitelli  |f 5:17:57 pm 
999 |a MARS 
999 f f |s 9ee3dfc0-3b94-39f4-8748-c0353e89b6fa  |i 75b5d5fc-1bd8-31c9-9b32-0f7a4bc696e4  |t 0 
952 f f |p ric  |a Texas A&M University  |b Rellis Campus  |c Joint Library Facility  |d Remote Storage  |t 0  |e M1356.A75 L85 1993  |h Library of Congress classification  |i audio -- audio disc  |m A14826675537 
998 f f |a M1356.A75 L85 1993  |t 0  |l Remote Storage